000 00440nam a22001577a 4500
003 OSt
005 20260425003609.0
008 260425b |||||||| |||| 00| 0 eng d
020 _a962-8936-03-4
040 _aDWCL Main Lib
_cOC
082 _aCirc. 425 B135e 2006
245 _aEnglish for modern living : adjectives and adverbs
260 _aLondon
_bMarshall Cavendish
_cc2006
300 _a53 pages.
942 _2ddc
_cBK-CIRC
_hCirc.
_n0
999 _c9867
_d9867